Statistics for Country by its bordering countries #3

Click here to take the quiz!

General Stats

  • This quiz has been taken 53 times
  • The average score is 14 of 15

Answer Stats

Bordering countriesCountry% Correct
Portugal, France, Andorra, (UK)Spain
100%
Thailand, Laos, VietnamCambodia
96%
Peru, Bolivia, ArgentinaChile
96%
Colombia, PeruEcuador
96%
Belgium, Germany, (France)The Netherlands
96%
Panama, Venezuela, Brazil, Peru, EcuadorColombia
94%
France, Switzerland, Austria, Slovenia, San Marino, Vatican CityItaly
94%
Latvia, Belarus, Poland, RussiaLithuania
94%
Thailand, Singapore, Indonesia, BruneiMalaysia
94%
Russia, China, Krygyzstan, Uzbekistan, TurkmenistanKazakhstan
92%
Morocco, Algeria, Mali, SenegalMauritania
90%
Central African Republic, Sudan, Ethiopia, Kenya, Uganda, DRCSouth Sudan
90%
Togo, Burkina Faso, Niger, NigeriaBenin
88%
Montenegro, Serbia, North Macedonia, AlbaniaKosovo
88%
Burundi, Rwanda, Uganda, Kenya, Mozambique, Malawi, ZambiaTanzania
86%

Score Distribution

Percentile by Number Answered

Percent of People with Each Score

Your Score History

You have not taken this quiz